000 00519nam a2200181Ia 4500
001 23130
005 20260414150917.0
008 260414t2016||||xx |||||||||||||| ||spa||
041 _aESP
082 _a624.18341
_bC31
100 _aCarrillo León, Julián
_eAUT
245 0 _aMuros de concreto reforzados con fibras de acero :
_bdesempeño sismo-resistente basado en ensayos en mesa vibratoria
260 _c2016
300 _a140 páginas :
_c24 cm.
650 _a0
654 _aCIC
942 _cLIB
_dJUS
_fJUS
_2ddc
_n
999 _c23130
_d23130